| 000 | 00597nam a22002177a 4500 | ||
|---|---|---|---|
| 999 |
_c8122 _d8122 |
||
| 003 | AR-CdUCM | ||
| 008 | 190322b ||||| |||| 00| 0 spa d | ||
| 020 | _a84-7505-256-8 | ||
| 040 |
_aMUNICIPALIDAD PROVINCIAL DEL CUSCO _cBIBLIOTECA MUNICIPAL DEL CUSCO |
||
| 082 |
_a708 / _bM98 |
||
| 245 | _aMuseo del Louvre / | ||
| 260 | _bOceano, | ||
| 300 |
_a239 paginas ; _c32 cm. |
||
| 505 | _aContenido :Museo del Louvre / | ||
| 650 |
_aMuseos de arte _922933 |
||
| 650 |
_aPintura _93081 |
||
| 650 |
_aParĂs _93089 |
||
| 700 |
_aMaurice Serullaz _922934 |
||
| 942 |
_2ddc _cLIBROS |
||
| 945 | _arjall | ||